Language Quiz

Random Language Quiz

Conjugate Werden Quiz Stats

 Plays Quiz not verified by Sporcle

Challenge
Share
Tweet
Embed
Score 0/14 Timer 02:00
0 Plays Today
Person/Number Conjugated form % Correct
Ichwerde
100%
wirwerden
81.6%
sie/Siewerden
81.6%
Duwirst
73.7%
er/sie/eswird
65.8%
ichwurde
60.5%
er/sie/eswurde
60.5%
Person/Number Conjugated form % Correct
ihrwerdet
55.3%
wirwurden
50%
sie/Siewurden
50%
ihrwurdet
44.7%
Past Participleworden
36.8%
duwurdest
34.2%
5.3%

You're not logged in!

Compare scores with friends on all Sporcle quizzes.
Join for Free
OR
Log In

You Might Also Like...

Show Comments

Extras

Created Jun 17, 2011ReportNominate
Tags:conjugate, conjugated, form, person

Top Quizzes Today


Score Distribution

Your Account Isn't Verified!

In order to create a playlist on Sporcle, you need to verify the email address you used during registration. Go to your Sporcle Settings to finish the process.

Report this User

Report this user for behavior that violates our Community Guidelines.

Details: